La mujer habitada (Registro nro. 8530)
[ vista simple ]
| 000 -CABECERA | |
|---|---|
| campo de control de longitud fija | 00469nam a22001817a 4500 |
| 005 - FECHA Y HORA DE ACTUALIZACIÓN | |
| campo de control | 20190614141922.0 |
| 008 - LONGITUD FIJA | |
| campo de control de longitud fija | 161011b xxu||||| |||| 00| 0 spa d |
| 020 ## - INTERNATIONAL STANDARD BOOK NUMBER | |
| Número Internacional Estándar del Libro | 9786070726217 |
| 041 ## - IDIOMA | |
| Código de idioma del texto/pista de sonido o título separado | |
| 082 ## - CLASIFICACIÓN DECIMAL DEWEY | |
| Número de clasificación | N863.44 B443m |
| 100 ## - AUTOR PERSONAL | |
| Nombre de persona | Belli, Gioconda |
| 245 ## - TÍTULO PROPIAMENTE DICHO | |
| Título | La mujer habitada |
| 260 ## - PIE DE IMPRENTA | |
| Lugar de publicación, distribución, etc. | México |
| Nombre del editor, distribuidor, etc. | Booket |
| Fecha de publicación, distribución, etc. | 2015 |
| 300 ## - DESCRIPCIÓN FÍSICA | |
| Extensión | 430 páginas |
| 650 ## - Materia General | |
| Materia general | LITERATURA NICARAGÜENSE |
| 650 ## - Materia General | |
| Materia general | NOVELA NICARAGÜENSE |
| 942 ## - Punto de Acceso Adicional Koha | |
| Tipo de ítem Koha | Literatura |
| Estado perdido | Estado dañado | No para préstamo | Biblioteca permanente | Biblioteca actual | Signatura completa | Código de barras | Tipo de ítem |
|---|---|---|---|---|---|---|---|
| Departamento de Biblioteca y Documentación Alfonso Chase Brenes | Departamento de Biblioteca y Documentación Alfonso Chase Brenes | N863.44 B443m | 21535 | Literatura |